000 00328nam a2200133 i 4500
001 bg
100 1 _aWYSZOMIRSKI, Tadeusz
245 0 _aSystem finansowy w polskim rolnictwie /
_cTadeusz Wyszomirski.
260 _aWarszawa,
_c1978.
040 _cBPK
041 _apol
942 _cKS
008 s pl f |000 0 pol
999 _c9925
_d9925
856 _uhttp://koha.tu.koszalin.pl/cgi-bin/koha/opac-detail.pl?biblionumber=9925
_yKatalog online BPK